000 00439nam a2200181Ia 4500
001 11534
005 20260306162835.0
008 260306t2008||||xx |||||||||||||| ||spa||
041 _aESP
082 _a985.072
_bC75
100 _aColoma Elías, Guillermo W.
_eAUT
245 0 _aEl Perú a mediados del siglo XX
260 _c2008
300 _a114 páginas :
_c24 cm.
650 _aGEN
654 _aCHU
942 _cLIB
_dJUS
_fJUS
_2ddc
_n
999 _c11534
_d11534